000 00914nam a2200241 a 4500
005 20191224041518.0
008 160811s1994 xx ad|||r|||| 00| 0 spa d
040 _aCO-BoIAVH
_cCO-BoIAVH
041 0 _aspa
044 _ack
082 0 4 _a577.554
_bM29c
245 0 0 _aManual CITES para jardines botánicos /
_ccompilado por John Akeroyd, Noel McGough y Peter Wyse Jackson
260 _aCórdoba? :
_bOrganización Internacional para la Conservación en Jardines Botánicos,
_c1994.
300 _a32 páginas :
_bilustraciones y tablas ;
_c24 x 17 cm.
650 2 6 _aJardines botánicos
_vManuales
650 2 4 _aConservación ex situ
650 2 4 _aComercio de especies
650 2 6 _aEspecies en peligro de extinción
700 1 _aAkeroyd, John
_ecompilador
700 1 _aMcGough, Noel
_ecompilador
700 1 _aWyse Jackson, Peter
_ecompilador
942 _cLIBRO
_2ddc
999 _c222
_d222